| 000 | 01716nam a22002417a 4500 | ||
|---|---|---|---|
| 005 | 20250506162143.0 | ||
| 008 | 250503b |||||||| |||| 00| 0 eng d | ||
| 020 | _a9788180545498 | ||
| 040 | _cAIMIT LIBRARY | ||
| 082 |
_21 _a519 _bMEHB |
||
| 100 |
_aMehta, B C. _9209124 |
||
| 245 |
_aMathematics for economists / _cB C Mehta and G M K Madnani. |
||
| 250 | _a1st ed. | ||
| 260 |
_aNew Delhi : _bSultan Chand & Sons , _c2023. |
||
| 300 |
_a733p. ; _bPB _c22.1 cm |
||
| 500 | _aSpecial Features The authors have tried to explain all the needed mathematical techniques in the simplest manner along with their applications in Economic Theory. It is meant for the Paper on Basic Mathematics and Quantitative Methods in Economics and Mathematical abortion pill Economics of M.A. Economics Courses of Indian Universities. | ||
| 505 | _a Contents: Theory of Sets The Number System Resume of High School Algebra Elements of Trigonometry and Analytical Geometry Matrices and Determinants Differential Calculus : One Variable Case Applications of Simple Derivatives Partial and Total Derivatives Applications of Differential Calculus Simple Integration Definite Integrals and Applications Differential Equations Applications of Differential Equations First-order Difference Equations and Applications Second Order Difference Equations and Applications Linear Programming Input-Output Analysis Game Theory Answers to Selected Exercises and Questions Mathematical Tables. | ||
| 650 |
_aResume of high school algebra _9209125 |
||
| 650 |
_aMatrices and determinants _9209126 |
||
| 650 |
_aDifferential equations _9209127 |
||
| 700 |
_aMadnani, G M K. _9209128 |
||
| 942 |
_2ddc _cBK _e1st _k519 MEHB |
||
| 999 |
_c234268 _d234268 |
||